| 000 | 00413nam a22001457a 4500 | ||
|---|---|---|---|
| 005 | 20170807112122.0 | ||
| 008 | 170807b xxu||||| |||| 00| 0 eng d | ||
| 040 | _cPK-LaUMT | ||
| 082 |
_aZIAC 297.016 _bMUH-Q |
||
| 100 | _aMuhayudin Atiya | ||
| 245 |
_aQauma mukhtar/ _cMuhayudin Atiya |
||
| 260 |
_aبیروت: _bالمعھد العالمی للفکر الاسلامی، _c1992 |
||
| 300 | _a111 ص | ||
| 942 | _cBK | ||
| 999 |
_c96591 _d96591 |
||